Balasan untuk Zabari

Bibliographic Details
Main Author: Amer Haji Matsom
Format: Book
Published: Selangor : Pustaka Tintamas , 2006
Series:Siri positif dan negatif
Subjects:

MARC

LEADER 00000cam a2200000 7i4500
001 0000004110
005 20220105103958.0
008 070724
020 |a 9831351460(set) 
020 |a 9831351479 
090 0 0 |a JP   |b PR MAL (4192) 
100 0 |a Amer Haji Matsom 
245 0 0 |a Balasan untuk Zabari   |c Amer Haji Mat Som 
260 |a Selangor :   |b Pustaka Tintamas ,   |c 2006 
440 |a Siri positif dan negatif 
500 |a Children age 4-6 years old (yellow) 
650 0 |a Junior preschool   |x Malay   |x Languages 
999 |a 0000919354   |b Book   |c Children Collection   |e Cawangan Bukit Gambir 
999 |a 0000927597   |b Book   |c Children Collection   |e Cawangan Tangkak 
999 |a 0000946565   |b Book   |c Children Collection   |e Cawangan Taman Sri Lambak 
999 |a 0000975260   |b Book   |c Children Collection   |e Cawangan Pontian 
999 |a 0000975261   |b Book   |c Children Collection   |e Cawangan Kota Tinggi 
999 |a 0000985942   |b Book   |c Children Collection   |e Cawangan Segamat 
999 |a 0000985943   |b Book   |c Children Collection   |e Cawangan Muar 
999 |a 0000985944   |b Book   |c Children Collection   |e Cawangan Tangkak 
999 |a 0000985945   |b Book   |c Children Collection   |e Perbadanan Perpustakaan Awam Johor 
999 |a 0000985946   |b Book   |c Children Collection   |e Perbadanan Perpustakaan Awam Johor